000 00682nam a2200229Ia 4500
003 OSt
005 20221006145654.0
006 a|||||r|||| 00| 0
007 ta
008 221006b |||||||| |||| 00| 0 eng d
024 _a15,629
037 _bGift, Japan Foundation
_cTextual
040 _aEASL
_cEASL
_beng
041 _2eng
_aeng
082 _aY:1.42.N80, M2
245 0 _aJapan's modern culture and its roots
260 _aTokyo
_bInternational Society for Educational Information Japan
_c1982
300 _a104p.
_ccm.
490 _v JEL
_aUnderstanding Japan
942 _hY:1.42.N80, M2
_cTEXL
_2CC
999 _c1083715
_d1083715